| 000 | 00532nam a2200181 a 4500 | ||
|---|---|---|---|
| 005 | 20140414093840.0 | ||
| 008 | 070816s19uu xx 00 eng d | ||
| 050 |
_aDVD 410 _bGA v.7 |
||
| 100 | _aGuidance Associates | ||
| 245 |
_aCommunication skills: Who's afraid of grammar? / _cGuidance Associates. |
||
| 260 |
_aCubao, Quezon City : _bFelta. |
||
| 300 | _a1 DVD | ||
| 500 | _afrom the set v.1-8 of Guidance Associates : v.7 | ||
| 650 | _aCommunication skills. | ||
| 650 | _aGrammar. | ||
| 942 | _cAVM | ||
| 999 |
_c109208 _d109208 |
||